Real Madrid CF Squad 1997-1998 - Statistics

General Stats
  • This quiz has been taken 60 times
  • The average score is 13 of 28
Answer Stats
# Position Nation Player % Correct
7 FW Spain Raúl
95%
3 DF Brazil Roberto Carlos
93%
4 DF Spain Fernando Hierro
91%
10 MF Netherlands Clarence Seedorf
84%
9 FW Croatia Davor Šuker
84%
8 FW Montenegro Predrag Mijatović
80%
6 MF Argentina Fernando Redondo
77%
14 MF Spain Guti
70%
15 FW Spain Fernando Morientes
68%
25 GK Germany Bodo Illgner
61%
17 DF Italy Christian Panucci
59%
22 MF France Christian Karembeu
57%
5 DF Spain Manolo Sanchís
57%
1 GK Spain Santiago Cañizares
43%
- Coach Germany Jupp Heynckes
39%
18 FW Spain Víctor Sánchez
39%
24 DF Spain Aitor Karanka
36%
20 FW Brazil Sávio
34%
21 MF Brazil Zé Roberto
34%
2 DF Spain Chendo
18%
23 FW Spain Dani García
18%
19 DF Spain Fernando Sanz
18%
11 MF Spain José Amavisca
18%
16 MF Spain Jaime
16%
22 DF Portugal Secretário
16%
26 MF Spain Álvaro Benito
14%
12 FW Spain Manuel Canabal
11%
13 GK Spain Pedro Contreras
11%
No matching quizzes found
Score Distribution
Percent of People with Each Score
Percentile by Number Answered
Your Score History
You have not taken this quiz